Music Quiz

Random Music or Lyrics Quiz
Score 0/36 Timer 10:00
12 Plays Today
% Correct
floor
89.9%
fantastic
88.2%
fever
85.1%
faith
81.6%
free
76.4%
fancy
75.3%
false
71.4%
familiar
71.3%
frustration
67.8%
faithful
66.6%
famous
66.4%
fear
66.4%
fate
65.7%
fortune
65.2%
feeling
64.9%
faded
64.6%
farewell
64.5%
fascination
64.4%
% Correct
foolish
64.2%
force
64%
freedom
63.6%
fountain
63.2%
fog
56.4%
forgiveness
56.3%
flashy
55.9%
fantabulous
54.2%
fireflies
53.5%
fire
52.4%
fun
52.4%
forgetting
50%
favorite
48%
fandango
47.6%
frozen
46.3%
fashion
46.1%
family
44.5%
flawless
43.5%
Remove Ads.
Support Sporcle.
Get the best of Sporcle when you Go Orange. This ad-free experience offers more features, more stats, and more fun while also helping to support Sporcle. Thank you for becoming a member.

You're not logged in!

Compare scores with friends on all Sporcle quizzes.
OR
Log In

Show Comments

Extras

Top Quizzes Today


Score Distribution

Your Account Isn't Verified!

In order to create a playlist on Sporcle, you need to verify the email address you used during registration. Go to your Sporcle Settings to finish the process.

Report this User

Report this user for behavior that violates our Community Guidelines.

Details: